Construction equipment and its planning and application (Record no. 19426)

000 -LEADER
fixed length control field 00472nam a22001817a 4500
001 - CONTROL NUMBER
control field 19426
003 - CONTROL NUMBER IDENTIFIER
control field BD-DhUET
008 - FIXED-LENGTH DATA ELEMENTS--GENERAL INFORMATION
fixed length control field 150405b xxu||||| |||| 00| 0 eng d
040 ## - CATALOGING SOURCE
Transcribing agency 0
Modifying agency BD-DhUET
082 ## - DEWEY DECIMAL CLASSIFICATION NUMBER
Classification number 624.154
Item number VAR/1975
100 ## - MAIN ENTRY--PERSONAL NAME
Personal name Varma, Mahesh
245 ## - TITLE STATEMENT
Title Construction equipment and its planning and application
250 ## - EDITION STATEMENT
Edition statement 2nd ed.
260 ## - PUBLICATION, DISTRIBUTION, ETC. (IMPRINT)
Place of publication, distribution, etc. Delhi
Name of publisher, distributor, etc. Metropolitan book
Date of publication, distribution, etc. 1975
300 ## - PHYSICAL DESCRIPTION
Extent 539 p.
Other physical details ill.
650 #0 - SUBJECT ADDED ENTRY--TOPICAL TERM
Topical term or geographic name as entry element Construction equipment
942 ## - ADDED ENTRY ELEMENTS (KOHA)
Koha item type General Book
Holdings
Koha date last seen Sublocation or collection (holding branch) Koha item type Lost status Source of classification or shelving scheme Koha normalized classification for sorting Date acquired Piece designation (barcode) Shelving location Copy number Koha full call number Price effective from Location (home branch) Damaged status Not for loan Withdrawn status
2015-04-05Central Library, BUETGeneral Book  624_154000000000000_VAR_19752015-04-0538526Circulation section1624.154/VAR/19752015-04-05Central Library, BUET   
2015-04-05Central Library, BUETGeneral Book  624_154000000000000_VAR_19752015-04-0542012Circulation section2624.154/VAR/19752015-04-05Central Library, BUET   
2015-04-07Central Library, BUETGeneral Book  624_154000000000000_VAR_19752015-04-0738525Circulation section3624.154/VAR/19752015-04-07Central Library, BUET   
2015-05-16Central Library, BUETGeneral Book  624_000000000000000_VAR_19752015-05-1638448Circulation section4624/VAR/19752015-05-16Central Library, BUET